Akhlak Islam

Bibliographic Details
Main Author: Ab. Aziz Mohd. Zin
Other Authors: Anisah Ab. Ghani
Format: Book
Published: Kuala Lumpur : DBP , 1994
Series:Siri pengenalan Islam
Subjects:

MARC

LEADER 00000cam a2200000 7i4500
001 0000003543
002 000003813
005 20000330.0
020 |a 9836235493 
090 0 0 |a J 297   |b ABA 
100 1 |a Ab. Aziz Mohd. Zin 
245 1 0 |a Akhlak Islam   |c Ab.Aziz Mohd Zin 
260 |a Kuala Lumpur :   |b DBP ,   |c 1994 
300 |a 27p. :   |b ill. ;   |c 24cm. 
490 0 |a Siri pengenalan Islam 
650 0 0 |a Islamic ethics   |x Juvenile literature 
700 1 |a Anisah Ab. Ghani 
999 |a 036999   |b BUKU   |c PINJAMAN   |e PERPUSTAKAAN KOMUNITI PETALING JAYA